Регионална библиотека "Любен Каравелов" - Русе

Големите любови на български царе, министри и авантюристи (Запис номер 175592)

MARC детайли
000 -Лидер
Контролно поле с фиксирана дължина 02114nam a2200481 c 4500
003 - Код на организацията, давaща контролен номер
Контролно поле BLK
005 - Дата и час на последна редакция
Контролно поле 20250517111907.0
008 - Елементи от данни с фиксирана дължина
fixed length control field 180411b bul|||||r ||||||| ||bul||
010 ## - Наследен системен номер
LC control number KNG00184186000
020 ## - Международен стандартен номер на книга ISBN
Международен стандартен номер на книга ISBN 978-619-195-068-3
-- издат.: Книгомания
040 ## - Източник на каталожния запис
Идентификатор на билиотеката - собственик на записа BLK
041 ## - Код за език
Код за езика на текст/звукозапис или на отделно заглавие Български
Код за езика КДБФ Български
072 #7 - Код за тематичната категория
Код организация bullib
Код за тематична категория Н84
Текст Българска художествена литература Н
080 ## - УДК
Текстов определител УДК Българска литература
УДК код - определител по УДК 821.163.2
УДК определител -4
УДК - код + определител 821.163.2-4
080 ## - УДК
Текстов определител УДК История на България
УДК код - определител по УДК 94(497.2)
УДК определител (092)(0:82-4)
УДК - код + определител 94(497.2)(092)(0:82-4)
080 ## - УДК
Текстов определител УДК Политика. Вж и 341 ; 342
УДК код - определител по УДК 32
УДК определител (497.2)(092)(0:82-4)
УДК - код + определител 32(497.2)(092)(0:82-4)
080 ## - УДК
Текстов определител УДК Биографии
УДК код - определител по УДК 929
УДК определител (497.2)
УДК - код + определител 929(497.2)
100 1# - Редна дума - Автор
Автор Митев, Венелин Иванов
Авторска отговорност първи автор
R(LIN) 322549
139 ## - Редно поле
Редна дума Митев, Венелин Иванов
Авторски знак Мит - М 70
245 10 - Сведения за заглавието
Заглавие Големите любови на български царе, министри и авантюристи
Редно поле (дума) Венелин Иванов Митев.
257 ## - Страна на издаване
Страна на създаване/издаване България
260 ## - Област на издателските данни
-- София
Име на издателя, разпространителя и проч. Книгомания
Година на издаване 2015
Печатница София : Арт Лайн Принт Хаус
300 ## - Физическа характеристика
Страници 472 с.
Размери/Мащаб 21 см
380 ## - Жанр
Жанр Худож. лит.
500 ## - Общи забележки
Забележка Съдържа и за авт. - Библиогр. с. 468-471.
650 #4 - Допълнително описание по предмет – тема
Основно описание – тема или топоним Царе, български
9 (RLIN) 248628
650 #4 - Допълнително описание по предмет – тема
Основно описание – тема или топоним Политици, български - биографии
9 (RLIN) 250984
650 #4 - Допълнително описание по предмет – тема
Основно описание – тема или топоним Прочути личности - България - биографии
9 (RLIN) 334936
650 #4 - Допълнително описание по предмет – тема
Основно описание – тема или топоним Авантюристи, български
9 (RLIN) 340233
651 #4 - Допълнително описание по предмет - топоним
Географско понятие България
9 (RLIN) 241624
653 ## - Ключова дума – ненормативна
Ключова дума царе
653 ## - Ключова дума – ненормативна
Ключова дума български владетели
653 ## - Ключова дума – ненормативна
Ключова дума политици
653 ## - Ключова дума – ненормативна
Ключова дума авантюристи
653 ## - Ключова дума – ненормативна
Ключова дума прочути личности
659 ## - Тематичен бюлетин
Тематичен бюлетин Н
852 ## - Местоположение
Форматна сигнатура Цб 277714
856 4# - Електронен адрес и достъп
Електронен формат pdf - файл
Път до файла /url/
856 4# - Електронен адрес и достъп
Електронен формат pdf - файл
Път до файла /url/
942 ## - АРТИКУЛИ
Вид на библиотечния материал Книги
Скрит в OPAC Не
Koha issues (borrowed), all copies 21
944 ## - СЪЗДАВАНЕ И РЕДАКЦИЯ на ЗАПИСА
Създаване/Редакция Създаване
Дата на регистрацията/редакция 28.10.2015
Статус, дата на статуса Русанова Ирена
Служител, извършил регистрацията/редакцията 30542
944 ## - СЪЗДАВАНЕ И РЕДАКЦИЯ на ЗАПИСА
Създаване/Редакция Редакция
Дата на регистрацията/редакция 20.09.2016
Статус, дата на статуса ф /
Служител, извършил регистрацията/редакцията Пенка_Димитрова
999 ## - СИСТЕМНИ КОНТРОЛНИ НОМЕРА
Koha biblionumber 175592
Koha biblioitemnumber 175592
Наличности
Код за отписване Код за изгубен артикул Източник на класификационната схема Код за повреда Коз за рестрикции Код за отдаване Артикулен № Име на библиотеката - собственик Име на библиотеката, в която се намира в момента Статус (Текущо местоположение) Дата на вписване в системата Местоположение - отдел Цена в лева Инвентарен номер Систематично азбучна сигнатура Баркод Номер на екземпляра Цена в евро Служебна бележка Служебен тип на артикула
  Не е изгубен Universal Decimal Classification Не е повреден без рестрикции заемане за дома 302206 Регионална библиотека "Любен Каравелов" Русе Регионална библиотека "Любен Каравелов" Русе Заемна - подръчен фонд 2015-10-27 Заемна - подръчен фонд 16.00 120000794109 П 886.7-4/М 70 120000794109 1 8.18 Дост: Pk Вид: Ф N: 441 Дата: 13.10.2015 Дата инв: 20.02.2018 Бележки инв: П2018 Книги
  Не е изгубен Universal Decimal Classification Не е повреден без рестрикции заемане за дома 302207 Регионална библиотека "Любен Каравелов" Русе Регионална библиотека "Любен Каравелов" Русе Заемна - подръчен фонд 2016-05-31 Заемна - подръчен фонд 16.00 120000800544 П 886.7-4/М 70 120000800544 2 8.18 Дост: Pk Вид: Ф N: 461 Дата: 30.05.2016 Книги
  Не е изгубен   Не е повреден без рестрикции ползва се в читалня 302208 Регионална библиотека "Любен Каравелов" Русе Регионална библиотека "Любен Каравелов" Русе Хранилище 2016-09-21 Хранилище 16.00 120000804103 Цб 277714 120000804103 3 8.18 Дост: Dp Вид: Д N: 35 Дата: 26.07.2016 Книги
Vip Innovations Ltd, Rousse, Bulgaria 2025